Μουσείο Αιγίου
Αποθηκεύτηκε σε:
| Κύριος συγγραφέας: | |
|---|---|
| Συγγραφή απο Οργανισμό/Αρχή: | |
| Μορφή: | Βιβλίο |
| Γλώσσα: | Greek |
| Δημοσίευση: |
Αθήνα :
Ταμείο Αρχαιολογικών Πόρων και Απαλλοτριώσεων, Διεύθυνση δημοσιευμάτων,
2002.
|
| Έκδοση: | 2η έκδ. |
| Θέματα: | |
| Ετικέτες: |
Προσθήκη ετικέτας
Δεν υπάρχουν, Καταχωρήστε ετικέτα πρώτοι!
|
MARC
| LEADER | 00000cam a2200000 a 4500 | ||
|---|---|---|---|
| 001 | 1/111931 | ||
| 008 | 160916s2002####gr | ||| |||| ||gre|| | ||
| 020 | |a 9602142529 | ||
| 040 | |a GR-MyUa |b gre |c GR-MyUa |e AACR2 | ||
| 041 | 0 | |a gre | |
| 082 | 7 | |a 069.09495 |2 (23) | |
| 100 | 1 | 0 | |a Κολώνας, Λάζαρος. |
| 245 | 1 | 3 | |a Μουσείο Αιγίου / |c Λάζαρος Κολώνας ; Υπουργείο Πολιτισμού, Ταμείο Αρχαιολογικών Πόρων και Απαλλοτριώσεων. |
| 250 | |a 2η έκδ. | ||
| 260 | |a Αθήνα : |b Ταμείο Αρχαιολογικών Πόρων και Απαλλοτριώσεων, Διεύθυνση δημοσιευμάτων, |c 2002. | ||
| 300 | |a 32 σ. : |b εικ. ; |c 26 εκ. | ||
| 500 | |a Γενική επιμέλεια: Ευαγγελία Κυπραίου. | ||
| 533 | |a Πρώτη έκδοση 1999, 2η έκδοση 2002. | ||
| 610 | 2 | 7 | |2 nlgaf |a Αρχαιολογικό Μουσείο Αιγίου. |
| 650 | 0 | |a Archaeological museums and collections |z Greece |z Aigion. | |
| 650 | 0 | |a Museums |z Greece |z Aigion. | |
| 710 | 2 | |a Υπουργείο Πολιτισμού. |b Ταμείο Αρχαιολογικών Πόρων και Απαλλοτριώσεων. | |
| 852 | |a INST |b LESVOS |e 20160916 |h 069.09495 ΚΟΛ |p 005100058278 |q 005100058278 |t BK |y 0 | ||
| 970 | |a Τζαφέρη |b Ευαγγελία |z 16-09-2016 | ||